000
00319nam a2200133Ia 4500
005
20260328104325.0
008
260328s9999||||xx |||||||||||||| ||und||
100
_a
Yeang, Ken
245
0
_a
El Rascacielos Ecológico /
_c
Ken Yeang
260
_b
Gustavo Gili
300
_a
303 p.
650
_a
ARQUITECTURA
942
_c
BK
999
_c
11488
_d
11488